Scientific Units : Sudden Death - Statistics

General Stats
  • This quiz has been taken 35 times
  • The average score is 3 of 15
Answers on the Grid
Answers color-coded by a green-red scale on the quiz's grid according to % correct below.
Weight : kg
Amount of Substance : mol
Electric : A
Density : kg/ m³
luminance : cd/m2
Dose Equivalent : Sv
Magnetic Flux : T
Magnetic Flux Density : Wb
Electric Charge : C
Capacitance : Ohm
Force : N
Solid Angle : rad
Pressure : Pa
Power : W
Electric Resistance : Ohm
Inductance : H
Electric Conductance : S
Electric charge density: C/m3
Surface charge density : C/m3
Permeability : H/m
Luminous intensity : cd
 
Answer Stats
Answer % Correct
Force : N
41%
Density : kg/ m³
35%
Electric Resistance : Ohm
35%
Pressure : Pa
29%
Power : W
24%
Amount of Substance : mol
18%
Electric : A
18%
Electric Conductance : S
18%
Inductance : H
18%
Electric Charge : C
12%
Dose Equivalent : Sv
6%
Electric charge density: C/m3
0%
luminance : cd/m2
0%
Luminous intensity : cd
0%
Permeability : H/m
0%
No matching quizzes found
Score Distribution
Percent of People with Each Score
Percentile by Number Answered
Your Score History
You have not taken this quiz